Vásári előzetes Kutatóintézetek a kiállításon
Elmentve itt :
| Dokumentumtípus: | Cikk |
|---|---|
| Megjelent: |
1978-07-19
|
| Sorozat: | Délmagyarország
68 No. 168 |
| Kulcsszavak: | Gabonatermesztési Kutatóintézet |
| Online Access: | http://dmarchiv.bibl.u-szeged.hu/107860 |
| LEADER | 00448nab a2200145 i 4500 | ||
|---|---|---|---|
| 001 | delm107860 | ||
| 005 | 20190516150131.0 | ||
| 008 | 190516s1978 hu o 0|| hun d | ||
| 040 | |a SZTE Délmagyarország Archívum |b hun | ||
| 041 | |a hun | ||
| 245 | 0 | 0 | |a Vásári előzetes |h [elektronikus dokumentum] : |b Kutatóintézetek a kiállításon |
| 260 | |c 1978-07-19 | ||
| 300 | |a 5 | ||
| 490 | 0 | |a Délmagyarország |v 68 No. 168 | |
| 695 | |a Gabonatermesztési Kutatóintézet | ||